LEADER 00869nam0-22003131i-450- 001 990000045970403321 035 $a000004597 035 $aFED01000004597 035 $a(Aleph)000004597FED01 035 $a000004597 100 $a20011111d--------km-y0itay50------ba 101 0 $aita 105 $ay-------001yy 200 1 $aAbrasivi, affilatrici, rettificatrici$edescrizione, scelta, impiego$fAmerigo Giordano. 210 $aMilano$cU.Hoepli$d1926 215 $a403 p.$cill.$d15 cm 225 1 $aManuali Hoepli 610 0 $aAbrasivi 610 0 $aAffilatrici 676 $a671 700 1$aGiordano,$bAmerigo$0331876 801 0$aIT$bUNINA$gRICA$2UNIMARC 901 $aBK 912 $a990000045970403321 952 $a13 G 51 26$b6580$fFINBC 959 $aFINBC 996 $aAbrasivi, affilatrici, rettificatrici$9112481 997 $aUNINA DB $aING01 LEADER 01750nam0 22003253i 450 001 USM1745052 005 20251003044436.0 010 $a9788821727368 100 $a20080513d2008 ||||0itac50 ba 101 | $aita 102 $ait 181 1$6z01$ai $bxxxe 182 1$6z01$an 200 1 $aCommentario alla sicurezza del lavoro$emisure in tema di tutela della salute e della sicurezza sul lavoro e delega al governo per il riassetto e la riforma della normativa in materia$elegge 3 agosto 2007, n. 123$fintroduzione di Franco Carinci$ga cura di Francesco Bacchini$ghanno collaborato Paolo Aldrovandi ... [et al.] 210 $a[Milanofiori, Assago]$cIPSOA$d[2008] 215 $aXXVI, 313 p.$d24 cm. 606 $aSicurezza del lavoro$xLegislazione$2FIR$3NAPC244751$9I 676 $a344.03$9DIRITTO DEL LAVORO, DIRITTO IN MATERIA DI SERVIZIO SOCIALE, DI EDUCAZIONE, DI CULTURA - Servizio sociale$v14 696 $aSicurezza$aAmbiente di lavoro 699 $aSicurezza del lavoro$xSicurezza$xAmbiente di lavoro 702 1$aCarinci$b, Franco$3CFIV004288 702 1$aBacchini$b, Francesco$f <1967- >$3VIAV100713 801 3$aIT$bIT-000000$c20080513 850 $aIT-BN0095 901 $bNAP 01$cPOZZO LIB.$nVi sono collocati fondi di economia, periodici di ingegneria e scienze, periodici di economia e statistica e altri fondi comprendenti documenti di economia pervenuti in dono. 912 $aUSM1745052 950 0$aBiblioteca Centralizzata di Ateneo$c1 v.$d 01POZZO LIB.ECON MON 1422$e 0101 0000207825E VMA 1 v. (Precedente collocazione: DASES B 1665)$fB $h20091221$i20091221 977 $a 01 996 $aCOMMENTARIO alla sicurezza del lavoro$9687422 997 $aUNISANNIO